Materiálové toky a logistika

Gespeichert in:
Bibliographische Detailangaben
Hauptverfasser: Bigoš, Peter (Verfasst von), Kiss, Imrich (Verfasst von), Ritók, Juraj (Verfasst von)
Format: Buch
Sprache:Slowakisch
Veröffentlicht: Prešov : Vydavateľstvo Michala Vaška, 2002
Ausgabe:1. vyd.
Schriftenreihe:Edícia vedeckej a odbornej literatúry. Strojnícka fakulta TU v Košiciach 2002
Schlagworte:
Tags: Tag hinzufügen
Keine Tags, Fügen Sie das erste Tag hinzu!

MARC

LEADER 00000nam a22000003a 4500
001 stu120362
005 20150617225913.7
008 060608s2002----xo------------------slo-d
020 |a 80-7165-362-4 
040 |a STU  |b slo 
041 0 |a slo 
044 |a xo 
080 |a 65.012.26 
080 |a 621.796 
080 |a 658.78 
100 1 |a Bigoš, Peter  |4 aut 
245 1 |a Materiálové toky a logistika 
250 |a 1. vyd. 
260 |a Prešov :  |b Vydavateľstvo Michala Vaška,  |c 2002 
300 |a 157 s 
650 7 |a technika sieťového plánovania, logistika  |2 stusub 
650 7 |a skladovanie, sklady  |2 stusub 
650 7 |a skladové hospodárstvo, expedícia  |2 stusub 
650 7 |a logistika  |2 stusub 
650 7 |a materiálové toky  |2 stusub 
700 1 |a Kiss, Imrich  |4 aut 
700 1 |a Ritók, Juraj  |4 aut 
830 0 |a Edícia vedeckej a odbornej literatúry. Strojnícka fakulta TU v Košiciach  |v 2002 
996 |b 284J029317  |c J*105807  |l JJSK  |s A  |a 24  |w stu120362_0001